Trends in velocity and policy expectations

Na minha lista:
Detalhes bibliográficos
Autor principal: Gordon, David B.
Outros Autores: Leeper, Eric M., Zha, Tao
Formato: Livro
Idioma:inglês
Publicado em: Atlanta Federal Reserve Bank of Atlanta 1997
Colecção:Working Paper 97-7
Assuntos:
Tags: Adicionar Tag
Sem tags, seja o primeiro a adicionar uma tag!

MARC

LEADER 00000nam a2200000 4500
001 c100202
005 20221124075023.5
041 0 |a eng 
044 |a US 
245 1 0 |a Trends in velocity and policy expectations  |c David B. Gordon, Eric M. Leeper, Tao Zha 
264 1 |a Atlanta  |b Federal Reserve Bank of Atlanta  |c 1997 
300 |a 38 s. 
490 1 |a Working Paper  |v 97-7 
830 0 |a Working Paper  |v 97-7 
610 2 0 |a financie 
610 2 0 |a rozhodovanie 
610 2 0 |a prevod bankový 
610 2 0 |a portfólio 
610 2 0 |a služby finančné 
610 2 0 |a modely rovnováhy 
610 2 0 |a modelovanie ekonometrické 
610 2 0 |a politika fiškálna 
610 2 0 |a politika peňažná 
100 1 |a Gordon, David B. 
700 1 |a Leeper, Eric M. 
700 1 |a Zha, Tao